000 00368nam a2200145Ia 4500
005 20250729165756.0
008 250729s2017 xx 000 0 und d
041 _aeng
082 _a371.333 MALE
100 _aDr.Malini L
_9232699
245 _aEducational Evaluvation
260 _aMysore
_bVismaya Prakashana
_c2017
300 _a365p
650 _aEducation
_9232700
999 _c239913
_d239913